Culture Générale - Série 975 - Statistiques

Statistiques générales
  • Ce quiz a été pris 110 fois
  • Le résultat moyen est 5 sur 10
Statistiques - réponses
Question Réponse % Correct
En compétition, quelle est la langue officielle de l'escrime ? français
99%
Selon la Bible, qui est le fils aîné d'Adam et d'Ève ? Caïn
79%
En 1940, quelle nationalité prit Albert Einstein ? américaine
70%
Comment appelle-t-on les prêtres celtes chargés de l'éducation, de la justice et du culte ? druides
60%
Dans l'oeuvre de Cervantès, comment s'appelle le fidèle écuyer de Don Quichotte ? Sancho Panza
55%
Combien de faces comporte un icosaèdre ? vingt
55%
En quelle année a eu lieu la période des Cent-Jours ? 1815
42%
A quel DJ français doit-on le tube, en 2006 : "World, Hold on" ? Bob Sinclar
39%
Quel est le prénom du bébé, expédié par la poste à Popeye et Olive ? Mimosa
30%
En 1966, dans quelle série enfantine rencontre-t-on les marionnettes Pip'lette, Ratibus, Laura et Bianca ? Kiri le clown
3%
Aucun quiz correspondant
Distribution des résultats
% des personnes avec chaque résultat
Percentile par nombre de réponses
Votre historique - résultats
Vous n’avez pas pris ce quiz